| 000 | 01141nmm a2200337 a 4500 | ||
|---|---|---|---|
| 001 | ocm0002146113 | ||
| 003 | TR-IsHL | ||
| 005 | 20201028181849.0 | ||
| 008 | 190119s2017 tu ara | ||
| 007 | cr cn | ||
| 020 | _a9786054535880 | ||
| 035 |
_a2146113 _b(N$T) |
||
| 050 | 0 | 4 |
_aPJ6233 _b.A934 2017 |
| 090 | 0 | 4 |
_aPJ6233 _b.A934 2017 |
| 100 | 1 | _aAbu Allabn, Faten | |
| 245 | 1 | 0 |
_aEI-FIIu'I-Magrur _h[electronic resource] / _cFaten Abu Allabn ; resimleyenler Aamer Mugraby, Hane Halaby, Tameam Alsebaaey |
| 250 | _a1. Basım | ||
| 260 |
_aİstanbul : _bAkdem Yayınları, _c2017 |
||
| 300 | _a16 p. | ||
| 650 | 4 | _aDil ve Edebiyat | |
| 650 | 4 | _aLanguage and Literature | |
| 650 | 0 |
_aArapça _x Dil eğitimi |
|
| 650 | 0 |
_aArabic _x language Grammar |
|
| 650 | 0 | _aÇocuk hikayeleri, Arapça | |
| 650 | 0 | _aChildren's literature, Arabic stories | |
| 650 | 7 |
_aLANGUAGE ARTS & DISCIPLINES / Reading Skills _2bisacsh |
|
| 700 | 1 | _aMugraby, Aamer | |
| 700 | 1 | _aHalaby, Hane | |
| 700 | 1 | _aAlsebaaey, Tameam | |
| 856 | 4 | 0 | _uhttp://search.ebscohost.com/login.aspx?direct=true&scope=site&db=e011xww&AN=2146113 |
| 999 |
_c19800 _d19800 |
||